Mentorstvo v praktickej príprave študentov zdravotníckych profesií

Cieľom výskumu bolo preskúmať, ako študenti hodnotia priebeh klinických cvičení a akú úlohu podľa nich zohrávajú mentori pri ich profesionálnom rozvoji.

Na minha lista:
Detalhes bibliográficos
Autor principal: Popovičová, Mária
Outros Autores: Babečka, Jozef
Formato: Capítulo de Livro
Idioma:eslovaco
Assuntos:
Tags: Adicionar Tag
Sem tags, seja o primeiro a adicionar uma tag!

MARC

LEADER 00000naa a2200000 4500
001 0308464
005 20250505125222.3
041 0 |a slo 
044 |a CZ 
245 1 0 |a Mentorstvo v praktickej príprave študentov zdravotníckych profesií  |c Mária Popovičová, Jozef Babečka 
520 |a Cieľom výskumu bolo preskúmať, ako študenti hodnotia priebeh klinických cvičení a akú úlohu podľa nich zohrávajú mentori pri ich profesionálnom rozvoji. 
610 2 0 |a mentoring 
610 2 0 |a zdravotníci 
610 2 0 |a študenti 
610 2 0 |a ošetrovateľstvo 
610 2 0 |a starostlivosť zdravotná 
610 2 0 |a rozvoj profesijný 
100 1 |a Popovičová, Mária 
700 1 |a Babečka, Jozef